| 000 | 00526nam a22001817a 4500 | ||
|---|---|---|---|
| 005 | 20171030112642.0 | ||
| 010 | _aENG-120939 | ||
| 020 |
_c250.00 _a9788190708982 |
||
| 035 | _aEN-104471 | ||
| 037 | _bDBAD/PUB | ||
| 082 | _a425 | ||
| 100 | _aMaitrey, Abhinav | ||
| 245 |
_aThe beginners english grammar / _cby Abhinav Maitrey |
||
| 260 |
_aDelhi _bDeepanshu Books _c2012 |
||
| 270 |
_aA-5, Street No. 5C, West Karawal Nagar _bDelhi _e110094 |
||
| 300 |
_a112p. _c23cm(Hb) |
||
| 942 |
_2ddc _cEN _mMAI _h425 |
||
| 999 |
_c146982 _d146982 |
||